000
00326 a2200157 4500
001
163900
020
_a
040
_c
Magnum
100
_a
Mazzetti, Maria
240
1
0
_a
Telefone está tocando
_l
por
245
1
0
_a
Telefone está tocando
300
_a
12
362
0
_a
1994
697
_a
LITERATURA INFANTO
942
_c
BK
999
_c
163900
_d
163900